Southville International School and Colleges
Your cart is empty.
  • Cart
  • Lists
    Public lists Eva Luna New books Lux_list list_1
    Your lists Log in to create your own lists
  • Log in to your account
  • Your cookies
  • Search history
Southville International School and Colleges
  • Advanced search
  • Recent comments
  • Most popular
  • Libraries

Log in to your account

Log in with GOOGLE


If you do not have an external account, but do have a local account, you can still log in:

  1. Home
  2. MARC view: Out of sight and where it's at /
Normal view MARC view ISBD view

Out of sight and where it's at / (Record no. 10523)

[ view plain ]
MARC details
000 -LEADER
fixed length control field 00544nam a22001817a 4500
003 - CONTROL NUMBER IDENTIFIER
control field SISC
005 - DATE AND TIME OF LATEST TRANSACTION
control field 20160322093600.0
008 - FIXED-LENGTH DATA ELEMENTS--GENERAL INFORMATION
fixed length control field 130906t xxu||||| |||| 00| 0 eng d
050 ## - LIBRARY OF CONGRESS CALL NUMBER
Classification number LB 1573
Item number .W565 1973
082 ## - DEWEY DECIMAL CLASSIFICATION NUMBER
Classification number HS 372
Item number W57 1973
100 ## - MAIN ENTRY--PERSONAL NAME
Personal name Wheelock, Warren
9 (RLIN) 16873
245 ## - TITLE STATEMENT
Title Out of sight and where it's at /
Statement of responsibility, etc Warren Wheelock, William D. Sheldon.
260 ## - PUBLICATION, DISTRIBUTION, ETC. (IMPRINT)
Place of publication, distribution, etc Boston :
Name of publisher, distributor, etc Allyn and Bacon, Inc,
Date of publication, distribution, etc 1973.
300 ## - PHYSICAL DESCRIPTION
Extent 40 p. ;
Other physical details ill. col. ;
Dimensions 20 cm.
700 ## - ADDED ENTRY--PERSONAL NAME
Personal name Sheldon, William D.
9 (RLIN) 16874
942 ## - ADDED ENTRY ELEMENTS (KOHA)
Source of classification or shelving scheme Library of Congress Classification
Koha item type Books
Holdings
Withdrawn status Lost status Source of classification or shelving scheme Damaged status Home library Current library Shelving location Date acquired Total Checkouts Full call number Barcode Date last seen Copy number Price effective from Koha item type
    Library of Congress Classification   Luxembourg Library Luxembourg Library High School Section 09/06/2013   LB 1573 .W565 1973 15018 03/22/2016 1 09/06/2013 Books

Out of sight and where it's at /

APA

Wheelock W., Sheldon W. D., . (1973). Out of sight and where it's at. Boston: Allyn and Bacon, Inc.

Chicago

Wheelock Warren, Sheldon William D, . 1973. Out of sight and where it's at. Boston: Allyn and Bacon, Inc.

Harvard

Wheelock W., Sheldon W. D., . (1973). Out of sight and where it's at. Boston: Allyn and Bacon, Inc.

MLA

Wheelock Warren, Sheldon William D, . Out of sight and where it's at. Boston: Allyn and Bacon, Inc. 1973.

  • Place hold
  • Print
  • Cite
  • Add to your cart (remove)
  • Save record
    BIBTEX Dublin Core MARCXML MARC (non-Unicode/MARC-8) MARC (Unicode/UTF-8) MARC (Unicode/UTF-8, Standard) MODS (XML) RIS
  • More searches
    Search for this title in:
    Other Libraries (WorldCat) Other Databases (Google Scholar) Online Stores (Bookfinder.com) Open Library (openlibrary.org)

Exporting to Dublin Core...

SOUTHVILLE LIBRARY

Southville International School and Colleges Library

1281 Tropical Ave. Cor. Luxembourg St., BF Homes International, Las Pinas City

Tel. No. 8256374 / 252358 Loc. 117/146

Powered by Koha